00570nam a2200133 4500008001000000082001500010100003100025245002900056260005500085300003600140505011900176650012500295700001600420707 B344t a707bB344t aUte Meta Bauer (edición) aPlace. Labour. Capital.  aSingaporebNTU: Centre for Contemporary Art c2018 a443 p.bill (col)c29 x 23.5 cm tMaking of an institution tThe geopolitical and biophysical tIncidental scripts tIncomplete urbanism tAppendix  xarte contemporáneoxarte - exhibicionesxsingapor xarte - investigaciónxNTU Centre for Contemporary Art Singapore  aAnca Rujoiu